000 00794nam0a22002531 4500
001 rc\996150
005 20041129101708.5
035 _a(NLR Aleph) 006162997
090 _a5883156
_c5883156
100 _a20041129d1981 u |0rusy50 ca
101 0 _arus
102 _aRU
105 _aa |||||||||
200 1 _aЗонный орогенез и сейсмичность
210 _aМ.
_cНаука
_d1981
215 _a162 с., 1 отд. л. схем.
_cил.
_d21
300 _aВ надзаг.: АН СССР, АН ТаджССР, Ин-т геологии
320 _aБиблиогр.: с. 152-159
700 1 _aКучай
_bВ. К.
_gВалерий Кириллович
801 0 _aRU
_bNLR
_gpsbo
801 1 _aRU
_bELAR
_2rusmarc
852 _aNLR
_j82-5/291
942 _cBOOK
980 _aNB